书目信息 |
| 书名: | Recent America | |
| 作者: | Dewey W. Grantham. | |
| 分册号: | ||
| 分册名: | 出版地: | Arlington Heights, Ill. : |
|
| 出版社: | H. Davidson | |
| 出版时间: | c1987. | |
| 页数: | xi, 451 p. : | |
| 开本: | 23 cm. | |
| 丛书名: | ||
| 中图分类号: | ||
| 科图分类号: | ||
| 其他分类号: | K712.53 | |
| 主题词: | ||
| 电子资源: | ||
| 000 | 00971cam a2200289 a 450 | |
| 001 | E0752513101 | |
| 005 | 20070512144853.14 | |
| 008 | 860317s1987 ilua b 001 0 eng | |
| 010 | @a86006321 | |
| 020 | @a0882958410 (pbk.). | |
| 035 | @A(DLC) 86006321 | |
| 040 | @aDLC@cDLC@dDLC | |
| 043 | @an-us--- | |
| 050 | 00 | @aE741@b.G73 1987 |
| 082 | 00 | @a973.92@2 19 |
| 090 | @aK712.53 | |
| 099 | @dK712.53@ex34 | |
| 100 | 1 | @aGrantham, Dewey W. |
| 245 | 10 | @aRecent America :@bthe United States since 1945 / @cDewey W. Grantham. |
| 260 | @aArlington Heights, Ill. :@bH. Davidson,@cc1987. | |
| 300 | @axi, 451 p. :@bill. ;@c23 cm. | |
| 504 | @aIncludes bibliographies and index. | |
| 651 | 0 | @aUnited States@xForeign relations@y1945-1989. |
| 651 | 0 | @aUnited States@xHistory@y1945- |
| 906 | @a7@bcbc@corignew@d1@eocip@f19@gy-gencatlg | |
| 991 | @br-MRR@hE741@i.G73 1987@tCopy 1@mAlc@wGenBib bi 87-021347 | |
| 991 | @bc-GenColl@hE741@i.G73 1987@tCopy 1@wBOOKS | |
| Recent America : : the United States since 1945 / / Dewey W. Grantham.-Arlington Heights, Ill. : : H. Davidson, , c1987. |
| xi, 451 p. : : ill. ; ; 23 cm. |
| Includes bibliographies and index. |
| ISBN 0882958410 (pbk.). |
| ● |
| 相关链接 |
|
|
|
|
正题名:Recent America
索取号:K712.53/x34
 
预约/预借
| 序号 | 登录号 | 条形码 | 馆藏地/架位号 | 状态 | 备注 |
| 1 | 0008348 | 300083488 | 第二样本阅览室/ [索取号:K712.53/x34] | 在馆 |